000 00632 a2200193 4500
020 _a0-596-00464-8
040 _aDLC
_bDLC
082 0 4 _a005.446
100 1 _aAllen, Robbie
245 1 0 _aActive directory cookbook: for Windows Server 2003 & Windows 2000
_bfor Windows Server 2003 & Windows 2000
_cRobbie Allen
260 _aSebastopol, Calif. :
_bO'Reilly,
_c2003
300 _axxvi, 593 s.
650 7 _aWindows 2000
650 7 _aOperating systems (Computers)
650 7 _aDirectory services (Computer network technology)
650 7 _aOperativsystem
650 7 _aComputer operating systems
942 _cBK
_k005.446 ALL
_2ddc
999 _c9799
_d9799